=LDR 00000nam 2200000 4500 =001 INLIS000000000008994 =005 20130612100822 =008 ***********************************Ind** =035 ##$$0010-061300000008994 =041 ##$$a Ind =082 ##$$a 343.055 =090 ##$$a 343.055, Suk-s =100 ##$$a Sukarji, Untung =245 ##$$a Sebuah analisis kontruktif, perubahan undang-undang pajak pertambahan nilai 1984 dengan uu no.18 tahun 2000, Untung Sukardji =260 ##$$a 2001 $b Jakarta =300 ##$$a xiii, 346 hlm., 22 cm =650 ##$$a Pajak Pertambahan Nilai-Undang-undang =850 ##$$a NBPNMAT